Biggest American Cities that start with C on a Map - Statistics

General Stats
  • This quiz has been taken 428 times
  • The average score is 18 of 33
Answers on the Map
Answers color-coded by a green-red scale on the quiz's map according to % correct below.
 
Answer Stats
Population City % Correct
2,746,388 Chicago
100%
905,748 Columbus
96%
206,922 Columbus
96%
874,579 Charlotte
95%
309,317 Cincinnati
94%
372,624 Cleveland
94%
478,961 Colorado Springs
88%
136,632 Columbia
83%
126,254 Columbia
83%
150,227 Charleston
82%
317,863 Corpus Christi
82%
181,099 Chattanooga
68%
249,422 Chesapeake
61%
137,710 Cedar Rapids
60%
194,016 Cape Coral
57%
275,487 Chula Vista
54%
275,987 Chandler
52%
118,403 Cambridge
50%
166,722 Clarksville
42%
174,721 Cary
38%
117,292 Clearwater
36%
125,410 Concord
36%
105,240 Concord
36%
134,394 Coral Springs
32%
120,511 College Station
30%
101,475 Chico
27%
157,136 Corona
27%
114,746 Carlsbad
26%
133,434 Carrollton
25%
108,418 Centennial
20%
111,918 Costa Mesa
19%
120,124 Clovis
18%
100,513 Clinton
9%
No matching quizzes found
Score Distribution
Percent of People with Each Score
Percentile by Number Answered
Your Score History
You have not taken this quiz